000 00693nam a2200289Ia 4500
005 20260324150910.0
008 008 260324s9999 xx 000 0 eng d
020 _a9781003024040
037 _aEBOOK
040 _aCRL
040 _beng
040 _cCRL
041 _2eng
041 _aeng
084 _qCRL
100 _aMorris Joseph
_91228013
245 4 _aThe Spirit of Judaism
245 0 _bSermons Preached Chiefly at the West London Synagogue
260 _bTaylor and Francis
260 _c1930
365 _a
365 _b205
856 _uhttp://www.taylorfrancis.com/books/9781003024040
942 _cEBOOK
999 _c1838247
_d1838247